header

Taking action to reduce tobacco use (Record no. 63721)

MARC details
000 -LEADER
fixed length control field 01316nam a2200301 a 4500
245 00 - TITLE STATEMENT
Title Taking action to reduce tobacco use
260 ## - PUBLICATION, DISTRIBUTION, ETC. (IMPRINT)
Place of publication Washington, DC :
Name of publisher National Academy Press,
Year of publication c1998.
300 ## - PHYSICAL DESCRIPTION
Number of Pages vi, 36 p.
650 #0 - SUBJECT ADDED ENTRY--TOPICAL TERM
Topical Term Tobacco use
Topical Term Smoking
Topical Term Tobacco use
Topical Term Smoking
856 40 - ELECTRONIC LOCATION AND ACCESS
Uniform Resource Identifier http://site.ebrary.com/lib/rucke/Doc?id=10055062

No items available.

© 2026 Rongo University
Contact us: librarian | system librarian | Rongo university